000 00545nam a2200181 4500
001 119746
003 ES-MaACL
005 20230906191405.0
007 t|
008 070214s1972 sp r ||||1| spa d
100 1 _aPinedo García, Manuel de.
_992112
245 1 0 _aCerceris y Bupréstido
_b: ; La campana ; El escaparate /
_cManuel de Pinedo García.
260 _aGranada :
_b[s. n.],
_c1972 (
_fGráf. Lucamo)
300 _a234 p. ;
_c22 cm.
740 0 _aLa campana.
740 0 _aEl escaparate.
852 _aES-MaACL
_jC-42735
_bR.81603
999 _c119746
_d119746